000 00649nam a2200241Ia 4500
003 OSt
005 20221005093110.0
006 a|||||r|||| 00| 0
007 ta
008 221004b |||||||| |||| 00| 0 eng d
024 _a121872
037 _bGift, 06/10/2012,
_cTextual
040 _aCRL
_cCRL
_beng
041 _2eng
_aeng
082 _aNQ5xL75, K9
100 _aHirsh Diana
_98709
245 0 _aWorld of turner 1775-1851
260 _aNew York
_bTime Life Books U.S.A
_c1969
300 _a192p.
_ccm.
650 _aARTS
942 _hNQ5xL75, K9
_cTEXL
_2cc
999 _c999826
_d999826